Wird geladen...
Home and exile and other selections
| 1. Verfasser: | |
|---|---|
| Format: | Printed Book |
| Veröffentlicht: |
London, Longman
1983
|
| Schlagworte: |
| LEADER | 005350000a22001690004500 | ||
|---|---|---|---|
| 020 | |a 0-582-64406-2 | ||
| 082 | |a 896.4 NKO/H 111 M3 | ||
| 100 | |a Nkosi, Lewis | ||
| 245 | |a Home and exile and other selections | ||
| 260 | |a London, Longman | ||
| 260 | |c 1983 | ||
| 465 | |a P 13.50 | ||
| 650 | |a Biography | ||
| 650 | |a South African Authors | ||
| 942 | |c BK | ||
| 999 | |c 15122 |d 15122 | ||
| 952 | |0 0 |1 0 |4 0 |6 896_400000000000000_NKOH_111_M |7 0 |8 ENG |9 14925 |a MGUL |b MGUL |d 2013-07-16 |e P 13.50 |l 1 |o 896.4 NKO/H 111 M3 |p 11396 |r 2019-10-25 |s 2019-09-25 |w 2013-07-16 |y BK | ||